| 000 | 00425cam a2200181ua 4500 | ||
|---|---|---|---|
| 020 | _c70.00 | ||
| 041 |
_aeng _h |
||
| 082 |
_a540.0162 _bAGA/EN |
||
| 100 | _aAgarwal, . | ||
| 245 |
_aEngineering chemistry / _cAgarwal. _hTextual Documents |
||
| 250 |
_a3 / _b. |
||
| 260 |
_aDelhi : _bKhanna publishers , _c1993. |
||
| 300 | _a974 ; . | ||
| 365 | _a70.00 | ||
| 504 | _a | ||
| 942 | _cBK | ||
| 999 |
_c10685 _d10685 |
||